Química orgánica

Uloženo v:
Podrobná bibliografie
Hlavní autoři: Meislich, Herbert (autor), Nechamkin, Howard (Autor), Sharefkin, Jacob (Autor), Hademenos, George (Autor)
Médium: Kniha
Jazyk:španělština
Vydáno: Bogotá McGraw-Hill 2001
Vydání:3a. ed
Témata:
Tagy: Přidat tag
Žádné tagy, Buďte první, kdo vytvoří štítek k tomuto záznamu!

MARC

LEADER 00000nam a2200000 a 4500
001 UCH1754
003 CL-VaPUC
008 090514e20010000CK |||||||||||||||||spa|d
020 |a 9584101323 
082 0 4 |a 547.007  |b MEI  |2 21 
100 |a Meislich, Herbert  |e autor  |9 536280 
700 0 |a Nechamkin, Howard  |e author  |9 536281 
700 0 |a Sharefkin, Jacob  |e author  |9 536282 
700 0 |a Hademenos, George  |e author  |9 536283 
245 1 0 |a Química orgánica 
250 |a 3a. ed 
300 |a 468 p 
942 |c BK 
945 |d 20090514 00:00:00  |a rbrito 
260 |a Bogotá  |b McGraw-Hill  |c 2001 
650 0 |a Química orgánica   |9 259426 
650 0 |a Problemas, ejercicios, etc  |9 259377 
650 0 |a Problemas, ejercicios, etc  |9 259377 
583 |a last modification  |c 20090514 00:00:00  |k Rodrigo Vera 
999 |c 333669  |d 333667 
952 |0 0  |1 0  |4 0  |6 547_007000000000000_MEI_2001  |7 0  |8 A  |9 422230  |a BIBCUR  |b BIBCUR  |d 2019-11-22  |i 4549546  |l 22  |m 4  |o 547.007 MEI 2001  |p 4549546  |r 2025-04-22  |s 2025-03-21  |w 2019-11-22  |y BK  |k QUI